[Event "Konigshoffen op"]
[Site "Konigshoffen"]
[Date "2001.??.??"]
[Round "2"]
[White "Gerthoffert, Jean Marie"]
[Black "Mensch, Etienne"]
[Result "0-1"]
[WhiteElo "1870"]
[BlackElo "2313"]
[PlyCount "112"]
[EventDate "2001.??.??"]
[EventType "swiss"]
[EventRounds "7"]
[EventCountry "FRA"]
[SourceTitle "EXT 2003"]
[Source "ChessBase"]
[SourceDate "2002.11.25"]
[SourceVersion "1"]
[SourceVersionDate "2002.11.25"]
[SourceQuality "1"]

1. e4 c5 2. c3 d6 3. Nf3 Nf6 4. d3 Nc6 5. Be2 g6 6. Nbd2 Bg7 7. Nf1 0-0 8. Ng3 b5 9. Bd2 b4 10. 0-0 Rb8 11. Qc1 Qb6 12. b3 bxc3 13. Bxc3 Bg4 14. Qd2 Bxf3 15. Bxf3 Ne8 16. Ne2 Nc7 17. Bxg7 Kxg7 18. Nc3 Qb4 19. Qb2 e5 20. Rfc1 Nd4 21. Bd1 Ndb5 22. Be2 Nxc3 23. Qxc3 Qxc3 24. Rxc3 Nb5 25. Rc4 Nd4 26. Kf1 Rb4 27. Rxb4 cxb4 28. Rc1 Rb8 29. Bd1 Rb5 30. Ke1 Ra5 31. Rc4 Rxa2 32. Rxb4 Ne6 33. g3 Nc5 34. Be2 Ra3 35. d4 Rxb3 36. Rxb3 Nxb3 37. d5 f5 38. f3 Kf6 39. Bd1 Nc5 40. Bc2 fxe4 41. fxe4 Kg5 42. h3 a5 43. Kd2 h5 44. Ke3 h4 45. g4 a4 46. Bb1 a3 47. Ba2 Na4 48. Kd3 Kf4 49. Bb1 g5 50. Kc4 Nc5 51. Kb5 Nxe4 52. Kc6 Nc3 53. Kxd6 Nxb1 54. Ke7 a2 55. d6 a1Q 56. d7 Qd4 0-1